| 000 | 01227nam a2200241Ia 4500 | ||
|---|---|---|---|
| 003 | Ost | ||
| 005 | 20260507075632.0 | ||
| 008 | 260507s9999||||xx |||||||||||||| ||und|| | ||
| 020 | _a905069957 | ||
| 040 | _cfsecg | ||
| 041 | _aara | ||
| 082 | _a657.8333 | ||
| 100 |
_aشقير، فائق _eمؤلف |
||
| 245 | 0 |
_aمحاسبة البنوك / _c فائق شقير |
|
| 260 |
_aالأردن: _bدار المسيرة, _c2000 |
||
| 300 |
_a364 صفحة؛ _c24 سم |
||
| 504 | _aالمراجع ص.364 | ||
| 520 | _aتجد في هذا الكتاب الجهاز المصرفي ، قسم الخزينة ، قسم الحسابات الجارية ،قسم لودائع ،السلف والقروض ،قسم الكفالات، الكفالات وخطبات الضمان ،الإعتمادات وبوالص التحصيل ، قسم الحوالات ،قسم العمليات الخارجية ، قسم الأوراق الخارجية ، قسم الأوراق المالية ، قسم الحاسبات العامة ،الإشراف والرقابة ، البنوك والمصارف الإسلامية | ||
| 653 | _aالأوراق المالية | ||
| 653 | _aالبنوك | ||
| 653 | _aالمحاسبة | ||
| 942 | _cكتاب | ||
| 999 |
_c45221 _d45221 |
||